000
00306nam a2200133Ia 4500
008
240624s9999 xx 000 0 und d
041
_a
eng
082
_a
823 HIT
100
_a
HITCHENS CHRISTOPHER
245
_a
HITCH 22
260
_c
2010
_a
New Delhi
_b
Atlantic Press
300
_a
352 : p.
365
_c
RS
999
_c
17137
_d
17137